000 00614nam a2200241 a 4500
001 nice12345678
003 IN_TiNIC
005 20260116014829.0
008 050524s2004 lona grp 000 0 eng
020 _a184413
_c787
082 0 0 _a211.8
_bMCG
100 _aMcgrath, Alister
245 _aTwilight of Atheism
_b the Rise and Fall of Disbelief in the Modern World
260 _aLondon
_bRider
_c2004
300 _a306p
500 _aincludes index and biblioraphy
505 2 _aIndex
650 _aAtheism
700 1 _aMcgrath, Alister
902 _bSRS
942 _cBK
999 _c17181
_d17181